Parkinsonov zákon, čiže, honba za kariérou

Bibliographic Details
Main Author: Parkinson, C.Northcote (Author)
Other Authors: Lancaster, Osbert (Illustrator), Bartošová, Blanka (Translator)
Format: Book
Language:Slovak
English
PhysicalDescription:130 s. ilustrácie 20 cm
Published: Bratislava Vydavateľstvo politickej literatúry 1966
Edition:1. vyd.
Subjects:

MARC

LEADER 00000cam a2200000 a 4500
001 vtls001265100
003 SK-MaSNL
005 20260301234546.0
008 250312e1966 xo a g 010 0 slo
020 |q (brožované) 
035 |a SNK000216026 
035 |a urn:nbn:sk:snk-amyg5p 
035 |a urn:nbn:sk:snk-am00clsb 
035 |a 56F3D914-AD0C-4E82-A69D-8247D3DF6958 
040 |a SNK  |b slo  |c SNK  |e AACR2 
041 1 |a slo  |h eng 
044 |a xo  |c SK 
072 7 |a 005  |x Manažment. Riadenie  |2 konspekt 
072 7 |a 331  |x Práca  |2 konspekt 
080 |a 005.966  |2 2011 
080 |a 331.101.3  |2 2001 
080 |a 37.01-022.324  |2 2011 
080 |a (048.8)  |2 2011 
100 1 |a Parkinson, C.Northcote  |4 aut  |9 381691 
240 1 0 |a Parkinson´s Law or The Pursuit of Progess  |l Slovensky 
245 1 0 |a Parkinsonov zákon, čiže, honba za kariérou  |c C. Northcote Parkinson ; ilustrácie Osbert Lancaster ; z anglického originálu ... preložila Blanka Bartošová 
246 3 0 |a Honba za kariérou 
250 |a 1. vyd. 
260 |a Bratislava  |b Vydavateľstvo politickej literatúry  |c 1966 
300 |a 130 s.  |b ilustrácie  |c 20 cm 
366 |e 5 000 kusov 
650 0 7 |a rozvoj kariéry  |2 SNKPH  |9 79312 
650 0 7 |a profesný úspech  |2 SNKPH  |9 75111 
650 0 7 |a celoživotné vzdelávanie  |2 SNKPH  |9 28858 
650 0 7 |a Career development  |2 SNKPHeng  |9 277126 
650 0 7 |a Career success  |2 SNKPHeng  |9 311135 
650 0 7 |a Permanent education  |2 SNKPHeng  |9 270154 
655 7 |a úvahy  |2 SNKPH  |9 29403 
655 7 |a Essays  |2 SNKPHeng  |9 267540 
700 1 |a Lancaster, Osbert  |4 ill  |9 277128 
700 1 |a Bartošová, Blanka  |4 trl  |9 42752 
852 |a Slovenská národná knižnica 
958 |a OND 
999 |c 970640  |d 972570 
952 |a SNK  |b SNK  |y PREZ  |7 0  |p 17A0789294  |o snkSD 28699  |0 0  |1 0  |4 0  |d 2013-08-06  |f 1  |l 0  |r 2026-02-24 10:49:46  |w 2026-02-24 
952 |t P60, <04>, [BOOK], {604}  |a SNK  |b SNK  |y VYP  |7 0  |p 17A0018092  |o snkSD 28699 D1  |0 0  |1 0  |4 0  |d 1996-11-05  |l 0  |r 2005-01-01 00:00:00  |w 2026-02-24